|
|
|
|
| LEADER |
00000nam2a2200000 4500 |
| 001 |
52797 |
| 005 |
20231031043108.0 |
| 035 |
|
|
|a (RuTPU)RU\TPU\book\55344
|
| 035 |
|
|
|a RU\TPU\book\55333
|
| 090 |
|
|
|a 52797
|
| 100 |
|
|
|a 20030606d1976 m y0rusy50 ca
|
| 101 |
0 |
|
|a rus
|
| 102 |
|
|
|a RU
|
| 105 |
|
|
|a a j 001zy
|
| 200 |
0 |
|
|a Т. 1
|
| 210 |
|
|
|d 1976
|
| 215 |
|
|
|a 456 с.
|c ил.
|
| 320 |
|
|
|a Предм. указ.: с. 453-456
|
| 451 |
|
1 |
|0 (RuTPU)RU\TPU\book\55170
|t Т. 1
|d 1978
|d 1976
|p 456 с.
|
| 451 |
|
1 |
|0 (RuTPU)RU\TPU\book\55362
|t Т. 1
|p 511 с.
|
| 461 |
|
1 |
|0 (RuTPU)RU\TPU\book\55343
|t Дифференциальное и интегральное исчисления
|o Учебное пособие для втузов
|f Н. С. Пискунов
|v Т. 1
|e 11-е изд., стер.
|d 1976-
|
| 610 |
1 |
|
|a математика
|
| 610 |
1 |
|
|a дифференциальные исчисления
|
| 610 |
1 |
|
|a интегральные исчисления
|
| 610 |
1 |
|
|a учебные пособия
|
| 610 |
1 |
|
|a числа
|
| 610 |
1 |
|
|a переменные
|
| 610 |
1 |
|
|a функции
|
| 610 |
1 |
|
|a пределы
|
| 610 |
1 |
|
|a производные
|
| 610 |
1 |
|
|a дифференциалы
|
| 610 |
1 |
|
|a теоремы о дифференцируемых функциях
|
| 610 |
1 |
|
|a исследования
|
| 610 |
1 |
|
|a комплексные числа
|
| 610 |
1 |
|
|a многочлены
|
| 610 |
1 |
|
|a функции нескольких переменных
|
| 610 |
1 |
|
|a неопределенные интегралы
|
| 610 |
1 |
|
|a определенные интегралы
|
| 610 |
1 |
|
|a кривые линии
|
| 610 |
1 |
|
|a кривизна
|
| 610 |
1 |
|
|a поведение
|
| 675 |
|
|
|a 517.2(075.8)
|v 3
|
| 675 |
|
|
|a 517.3(075.8)
|v 3
|
| 801 |
|
1 |
|a RU
|b 63413507
|c 20030604
|g PSBO
|
| 801 |
|
2 |
|a RU
|b 63413507
|c 20201202
|g PSBO
|
| 942 |
|
|
|c BK
|